1229 1039 1182 1088 1863 1811 1004 1592 1311 1970 1485 1703 1386 1459 1875 1554 1532 1897 1154 1575 1393 1838 1324 1571 1099 1093 1951 1180 1615 1494 1507 1593 1642 1754 1474 1813 1714 1266 1079 1673 1377 1764 1563 1665 1584 1667 1207 1130 1748 1645 1212 1090 1107 1965 1193 1365 1404 1899 1073 1144 1723 1748 1070 1779 1763 1040 1880 1903 1487 1173 1504 1250 1667 1876 1713 1396 1832 1365 1023 1719 1566 1762 1890 1432 1531 1056 1143 1943 1457 1549 1839 1605 1090 1571 1113 1900 1048 1124 1326 BCNSPRNW ULIB Ver.6.0+V

เปลี่ยนเป็นภาษาไทย

Change to English
 แสดงรายละเอียดบรรณานุกรม
  กลับหน้าหลัก

Brief Record : Get Marc (ISO 2709) : E-mail record : QR code < ปิดหน้าต่าง
LEADER : 00000nam 2200000uu 4500
001    13399108565
003     ULIB
008    110309s2553||||th 000 0 tha d
020    9789741112661
060 04 WI140^bC641 2553
245 00 Clinical practice in gastroenterology /^cบรรณาธิการ, สถาพรมานัสสถิตย์, สุพจน์ พงศ์ประสบชัย, อุดม คชินทร
250    พิมพ์ครั้งที่ 1
260    กรุงเทพฯ :^bสาขาวิชาโรคระบบทางเดินอาหาร ภาควิชาอายุรศาสตร์คณะแพทยศาสตร์ศิริราชพยาบาล มหาวิทยาลัยมหิดล,^c2553
300    ก-ซ, 441 หน้า :^bภาพประกอบ ;^c27 ซม.
650  7 กระเพาะอาหารและลำไส้, โรค
650  7 กระเพาะอาหารและลำไส้, วิทยา
653    ผลงานอาจารย์คณะแพทยศาสตร์ศิริราชพยาบาล
700 0  สถาพร มานัสสถิตย์,^eบรรณาธิการ
700 0  สุพจน์ พงศ์ประสบชัย,^eบรรณาธิการ
700 0  อุดม คชินทร,^eบรรณาธิการ
710 2  มหาวิทยาลัยมหิดล. ^bคณะแพทยศาสตร์. ^bภาควิชาอายุรศาสตร์.^bสาขาวิชาโรคระบบทางเดินอาหาร
945    ^p400^l0^i18792
945    ^p400^l0^i18066
945    ^p400^l0^i18065
995    เกษร
999    ^aใช้งานได้ทุกระบบ
รายการนี้ยังไม่มีแท็ก
คุณยังไม่ได้ล็อกอิน คุณสามารถมีกิจกรรมร่วมกับเว็บไซต์ได้ แต่ต้องล็อกอินก่อน ::
  ล็อกอิน

รายการสื่อสารสนเทศ

ลำดับที่ ประเภท เลขเรียก/บาร์โค้ด สถานที่ สถานะ
1. วิทยาศาสตร์การแพทย์ และสุขภาพ
วิทยาศาสตร์การแพทย์ และสุขภาพ
สถานะ=หนังสือเก่า
WI140 C641 2553  
  Barcode: 18792
ห้องสมุดวิทยาเขตนครสวรรค์
►ส่วนจัดเก็บหนังสือเก่า นว.
บนชั้น
  ขอยืม
2. วิทยาศาสตร์การแพทย์ และสุขภาพ
วิทยาศาสตร์การแพทย์ และสุขภาพ
สถานะ=หนังสือเก่า
WI140 C641 2553 ฉ.1 
  Barcode: 18065
ห้องสมุดวิทยาเขตนครสวรรค์
►ส่วนจัดเก็บหนังสือเก่า นว.
บนชั้น
  ขอยืม
3. วิทยาศาสตร์การแพทย์ และสุขภาพ
วิทยาศาสตร์การแพทย์ และสุขภาพ
WI140 C641 2553 ฉ.2 
  Barcode: 18066
ห้องสมุดวิทยาเขตสวรรค์ประชารักษ์
►หนังสือทั่วไป
บนชั้น

รายการใกล้เคียง
    หัวเรื่อง [กระเพาะอาหารและลำไส้, โรค]
    หัวเรื่อง [กระเพาะอาหารและลำไส้, วิทยา]

BibComment


ยังไม่เคยถูกคอมเมนท์

คอมเมนท์ทรัพยากรรายการนี้
  คอมเมนท์: Clinical practice..


 Copyright 2026. Bcnsprnw @Library